| 000 | 00612nam a2200217 4500 | ||
|---|---|---|---|
| 005 | 20240930095237.0 | ||
| 008 | 240930b |||||||| |||| 00| 0 eng d | ||
| 020 |
_aX _c[n.p.] |
||
| 040 | _aMAIN | ||
| 082 |
_a327.54051 _bS22B |
||
| 100 | _aSudhir Kumar | ||
| 245 | _aBharat-China sambhand: Galwan ghati ke preperekshye mein ek vishleshnatmak adhyana | ||
| 260 |
_bDept. of Political Science, M D University, Rohtak _c2022 |
||
| 300 | _a142 | ||
| 650 | _aPolitical Science | ||
| 650 | _aInternational Relations | ||
| 650 | _aIndia- China | ||
| 700 | _aSharma, Rajender | ||
| 942 | _cTH | ||
| 999 |
_c357237 _d357237 |
||